000 00344cam a22001097a 4500
008 180718bn.d. xxu||||| |||| 00| 0 eng d
082 _aN45x54 C
245 _aSpotlight on CBI
_cby Central Bureau of Investigation
260 _aNew Delhi
_bCentral Bureau of Investigation
_cn.d.
300 _a16p.
700 _aIndia. Central Bureau of Investigation
999 _c481676
_d481676